000 01119cad a22002055a 4500
001 L155727
008 120411s2012 xxk 000 0 eng d
035 _a(Sirsi) u155727
041 0 _aeng
110 2 _aGVA
_95945
245 0 0 _aIndustrial intelligence
_ba summary of the highlights of 2011 and the prospects for 2012 - Spring 2012
_h[electronic resource]
260 _aLondon
_bGVA
_c2012
490 0 _aGVA Industrial Intelligence
_vSpring 2012
520 _aIndustrial demand weakened across the country in 2011. Anticipated demand in 2012 will be at 2011 levels. Occupier activity remains retailer focused. Grade A supply continues to reduce especially for very large sheds. Design and build will be the predominant source of new supply. Headline rents and incentives have remained unchanged over the past year. Provides a national overview and covers demand and supply, rents and investment, and a regional round-up.
590 _aKA
651 4 _aUnited Kingdom
690 _aCommercial property
_96227
856 4 0 _uhttps://www.gva.co.uk/research/industrial/
_zView the report at www.gva.co.uk
942 _n0
999 _c83911
_d83911